Suomen Kunnat, joiden nimi päättyy maantieteellisellä ominaisuudella - Statistics

Yleistilastot
  • Tätä visaa on pelattu 4 079 kertaa
    1 418 viimeisimmän päivityksen jälkeen
  • Keskiarvotulos 77 / 131
Vastaustilastot
Group Vastaus % Oikein
-kaupunki Uusikaupunki
88%
-vieska Ylivieska
86%
-linna Hämeenlinna
85%
-linna Savonlinna
82%
-laidun Punkalaidun
81%
-kyrö Hämeenkyrö
80%
-nummi Kirkkonummi
80%
-kumpu Outokumpu
80%
-pori Raasepori
80%
-vieska Alavieska
78%
-lahti Lahti
78%
-pori Pori
78%
-luoto Hailuoto
76%
-kaupunki Kristiinankaupunki
76%
-joki Seinäjoki
76%
-pudas Pihtipudas
75%
-salo Salo
75%
-taipale Savitaipale
74%
-kyrö Isokyrö
73%
-kylä Jyväskylä
72%
-harju Mäntyharju
71%
-joki Kalajoki
70%
-järvi Kemijärvi
69%
-ranta Lappeenranta
68%
-vesi Haapavesi
67%
-joki Pyhäjoki
67%
-järvi Haapajärvi
66%
-järvi Alajärvi
65%
-järvi Pyhäjärvi
64%
-vaara Rautavaara
64%
-joki Isojoki
63%
-näs Korsnäs
63%
-lampi Rautalampi
63%
-vesi Orivesi
62%
-sund Sund
62%
-koski Taivalkoski
62%
-joki Ilmajoki
61%
-virta Leppävirta
61%
-joki Utsjoki
61%
-joki Eurajoki
60%
-pää Järvenpää
60%
-joki Kauhajoki
60%
-land Lumparland
60%
-niemi Rovaniemi
60%
-joki Siikajoki
60%
-land Hammarland
59%
-salmi Hankasalmi
59%
-pää Kankaanpää
59%
-maa Keminmaa
59%
-land Lemland
59%
-luoto Luoto
59%
-mäki Pieksämäki
59%
-järvi Pudasjärvi
59%
-joki Suonenjoki
59%
-järvi Ylöjärvi
59%
-salmi Iisalmi
58%
-järvi Kyyjärvi
58%
-järvi Lappajärvi
58%
-pää Oripää
58%
-järvi Saarijärvi
58%
-koski Valkeakoski
58%
-saari Viitasaari
58%
-koski Äänekoski
57%
-järvi Evijärvi
57%
-ström Finström
57%
-salmi Hyrynsalmi
57%
-järvi Kivijärvi
57%
-salo Taivassalo
57%
-joki Karijoki
56%
-järvi Siilinjärvi
56%
-salmi Suomussalmi
56%
-lampi Toholampi
56%
-pyy (eli -by) Uusikaarlepyy (eli Nykarleby)
56%
-joki Lumijoki
55%
-järvi Nurmijärvi
55%
-vesi Pielavesi
55%
-vik Saltvik
55%
-koski Savukoski
55%
-kylä Sodankylä
55%
Eckerö
54%
-vesi Heinävesi
54%
-salmi Hirvensalmi
54%
-salmi Rantasalmi
54%
-mäki Riihimäki
54%
Brandö
53%
-joki Juupajoki
53%
-vesi Konnevesi
53%
-ranta Pyhäranta
53%
-järvi Rautjärvi
53%
-saari Taipalsaari
53%
-järvi Tohmajärvi
53%
-niemi Kangasniemi
52%
-vesi Kiuruvesi
52%
-pyy (eli -by) Kruunupyy (eli Kronoby)
52%
-järvi Lapinjärvi
52%
-niemi Pelkosenniemi
52%
-saari Pietarsaari
52%
-järvi Ristijärvi
52%
-järvi Sonkajärvi
52%
-lahti Virolahti
52%
-järvi Lestijärvi
51%
-lahti Maalahti
51%
-joki Padasjoki
51%
-järvi Reisjärvi
51%
-järvi Utajärvi
51%
-lahti Vesilahti
51%
Föglö
50%
-koski Kannonkoski
50%
-mäki Kokemäki
50%
-vesi Ruovesi
50%
-saari Kemiönsaari
49%
-lahti Lapinlahti
49%
-mäki Luumäki
49%
-saari Mustasaari
49%
-vesi Petäjävesi
49%
-järvi Polvijärvi
49%
Vårdö
49%
-järvi Merijärvi
48%
-koski Enonkoski
47%
-mäki Mynämäki
46%
-niemi Tuusniemi
46%
-järvi Hausjärvi
45%
-järvi Jämijärvi
45%
-mäki Kärsämäki
45%
-lahti Kontiolahti
44%
-lahti Ruokolahti
41%
-maa Loimaa
40%
-kylä Rääkkylä
37%
-kylä Säkylä
34%
-kylä Myrskylä
32%
-maa Vehmaa
31%
Ehtoja vastaavia visoja ei löytynyt
Tulosjakauma
Jokaisen tuloksen saaneiden osuus
Persentiili vastausten määrän mukaan
Tuloshistoriasi
Et ole pelannut tätä visaa sen viimeisimmän päivityksen jälkeen